=LDR 00000nam 2200000 4500 =001 INLIS000000000057368 =005 20201223110112 =035 ##$$a 0010-1220000269 =007 ta =008 201223###########################0#ind## =020 ##$$a 978-979-078-404-5 =082 ##$$a 658.409 2 =084 ##$$a 658.409 2 Tru d =245 1#$$a Dancing with the tiger : $b seni kepemimpinan krisis dalam bisnis /$c Truscott Jim =300 ##$$a 152 halaman : $b Ilustrasi ; $c 23 Cm. =650 #4$$a Kepemimpinan =264 ##$$a Jakarta :$b Dian rakyat,$c 2013 =336 ##$$a teks$2 rdacontent =337 ##$$a lain-lain$2 rdamedia =338 ##$$a lain-lain$2 rdacarrier =990 ##$$a 37973797